000
00316nam a2200133Ia 4500
005
20251222155124.0
008
251222s9999||||xx |||||||||||||| ||spa||
082
_a
EDUM.141
100
_a
María Luisa Sevillano
245
0
_a
idáctica en el siglo XXI
250
_a
1ra. ed.
264
_b
McGraw-Hill
942
_c
LIB
999
_c
38566
_d
38566